000 00659nam a2200205 a 4500
001 000028692
005 20200930055059.0
008 110411s1967 dr ac 000 0bspa d
040 _aDO-SdBNP
_bspa
_cBNPHU
082 _aF-RD 94
100 1 _aSaladín Vélez, Manuel E.
_955671
245 1 0 _aVida y obra del fundador de la Cruz Roja /
_cManuel E. Saladín Vélez.
260 _aSanto Domingo :
_bArte y Cine,
_c1967.
300 _a61 p. :
_bil., retrs. ;
_c23 cm.
600 1 4 _aDUNANT, JEAN-HENRY,
_d1828-1910
_955672
650 4 _aCruz roja
_955673
650 4 _aMedicina en desastres
_955674
910 _aValidado. Control de calidad EMS
049 _aBNPD
999 _c28184
_d28184